Costa Rica; ¿invulnerable gobernabilidad? /

Kaydedildi:
Detaylı Bibliyografya
Yazar: Sojo Obando, Carlos
Materyal Türü: Metin
Konular:
Etiketler: Etiketle
Etiket eklenmemiş, İlk siz ekleyin!

MARC

LEADER 00000 a a2200000 04500
001 7441
003
040
100 |a Sojo Obando, Carlos  
245 |a Costa Rica; ¿invulnerable gobernabilidad? /  |c Carlos Sojo Obando 
650 |a GOBERNABILIDAD  
650 |a DEMOCRACIA  
650 |a SISTEMAS POLITICOS  
650 |a POLITICA  
650 |a ESTADO  
650 |a LEGITIMIDAD  
650 |a GOBIERNO  
650 |a POLITICA SOCIAL  
650 |a PARTICIPACION POLITICA  
773 |g número 3; páginas 40-46  
999 |c 37919  |d 37919